=LDR 00000nam 2200000 4500 =001 NUTBA000000000006036 =005 20200215053117 =035 ##$$a 0010-111400000000515 =008 200215###########################0###### =020 ##$$a 978-979-29-0551-9 =082 ##$$a 153.8 =100 ##$$a EKA DHARMA PRANOT0 =245 1#$$a BERANI HUTANG, BERANI SUKSES =260 ##$$a YOGYAKARTA :$b ANDI,$c 2008 =300 ##$$a 186 HLM ; $c 20 CM =850 ##$$aNBPNMAT =990 ##$$a 0001/BPAP-NTB/20142014 =990 ##$$a 0001/BPAP-NTB/20142014 =990 ##$$a 0001/BPAP-NTB/20142014